000 00468nam a22001457a 4500
003 OSt
005 20250905102602.0
008 250905b |||||||| |||| 00| 0 eng d
040 _c0
050 _aDPer 570 J826 February-November 2020 v. 54 n. 1-5
245 _aJournal of biological education /
260 _a United Kingdom ;
_bTaylor & Francis Group ,
_cFebruary-November 2020.
300 _aVolume 54, various paging :
_billustrations ;
_c25 cm.
942 _2ddc
_cPER
999 _c23702
_d23702